Oeuvres completes

Guardado en:
Bibliografiske detaljer
Hovedforfatter: Baudelaire, Charles
Format: Bog
Sprog:Undetermined
Udgivet: París, Francia Saint Claire 1974
Fag:
Tags: Tilføj Tag
Ingen Tags, Vær først til at tagge denne postø!

MARC

LEADER 00000nam a2200000Ia 4500
008 170316s9999 xx 000 0 und d
040 |a cru BVZT 
090 |a 840 B-3o 
100 |a Baudelaire, Charles 
245 |a Oeuvres completes 
260 |a París, Francia 
260 |b Saint Claire 
260 |c 1974 
300 |a 1023 páginas 
650 |a LITERATURA FRANCESA 
999 |c 7536  |d 7536 
942 |c 15 D  |h 840 B-3o  |2 z